[Event "Regionalliga NO 0809"]
[Site "Bayern"]
[Date "2008.12.14"]
[Round "4.8"]
[White "Preisser, Reinhard"]
[Black "Kohlmann, Adrian"]
[Result "1/2-1/2"]
[WhiteElo "1688"]
[BlackElo "1886"]
[PlyCount "20"]
[EventDate "2008.10.05"]
[EventType "team-tourn"]
[EventRounds "9"]
[EventCountry "GER"]
[SourceTitle "EXT 2020"]
[Source "ChessBase"]
[SourceDate "2019.10.17"]
[SourceVersion "1"]
[SourceVersionDate "2019.10.17"]
[SourceQuality "1"]
[WhiteTeam "Altensittenbach"]
[BlackTeam "Grossenseebach"]
[WhiteTeamCountry "GER"]
[BlackTeamCountry "GER"]

1. e4 g6 2. d4 Bg7 3. Nf3 d6 4. Bc4 c6 5. 0-0 d5 6. exd5 cxd5 7. Bb3 Nf6 8. Bf4 0-0 9. Nbd2 Nc6 10. c3 e6 1/2-1/2

[Event "Nuremberg Zabo op 04th"]
[Site "Nuremberg"]
[Date "2002.09.28"]
[Round "3"]
[White "Bala, Claudiu"]
[Black "Kohlmann, Adrian"]
[Result "1/2-1/2"]
[WhiteElo "1360"]
[BlackElo "1470"]
[PlyCount "55"]
[EventDate "2002.09.27"]
[EventType "swiss"]
[EventRounds "5"]
[EventCountry "GER"]
[SourceTitle "EXT 2003"]
[Source "ChessBase"]
[SourceDate "2002.11.25"]
[SourceVersion "1"]
[SourceVersionDate "2002.11.25"]
[SourceQuality "1"]

1. d4 g6 2. c4 Bg7 3. Nc3 d6 4. Nf3 Nd7 5. e3 e5 6. dxe5 Nxe5 7. Nxe5 Bxe5 8. Bd2 Ne7 9. Bd3 Bg7 10. 0-0 0-0 11. Qc2 Nc6 12. Nd5 Be6 13. Bc3 Ne5 14. b3 c6 15. Nf4 Bg4 16. Be2 Bxe2 17. Nxe2 Qe7 18. Rad1 Rad8 19. Rd2 Rd7 20. h3 f5 21. Rfd1 Rfd8 22. Qb2 Qf8 23. Nf4 Qf6 24. Kh1 Qf7 25. Ne2 Qf8 26. f4 Nf7 27. Nd4 Re8 28. Nc2 1/2-1/2

[Event "Forchheim DWZ op"]
[Site "Forchheim"]
[Date "2002.09.22"]
[Round "2"]
[White "Weigand, Hans Christian"]
[Black "Kohlmann, Adrian"]
[Result "1-0"]
[WhiteElo "1829"]
[BlackElo "1474"]
[PlyCount "66"]
[EventDate "2002.09.20"]
[EventType "swiss"]
[EventRounds "5"]
[EventCountry "GER"]
[SourceTitle "CBM 090 Extra"]
[Source "ChessBase"]
[SourceDate "2002.11.07"]
[SourceVersion "1"]
[SourceVersionDate "2002.11.07"]
[SourceQuality "1"]

1. c4 g6 2. g3 Bg7 3. Bg2 d6 4. e3 c5 5. Ne2 Nc6 6. 0-0 Nf6 7. Nbc3 Nb4 8. a3 Nd3 9. Qc2 Nxc1 10. Rfxc1 0-0 11. b4 Nd7 12. Rab1 Rb8 13. d4 b6 14. Rd1 Ba6 15. bxc5 bxc5 16. Qa4 Rxb1 17. Rxb1 Qc8 18. Nb5 Nb6 19. Qb3 Bxb5 20. cxb5 cxd4 21. Rc1 Qb8 22. Nxd4 Bxd4 23. exd4 e6 24. d5 e5 25. Rc6 Nd7 26. a4 Nc5 27. Qb4 Rc8 28. a5 Kf8 29. b6 a6 30. Qg4 Re8 31. Bh3 f5 32. Qh4 Re7 33. Qf6+ Ke8 1-0